LEADER 00952cam0-2200325---450- 001 990005708030403321 005 20101018130240.0 035 $a000570803 035 $aFED01000570803 035 $a(Aleph)000570803FED01 035 $a000570803 100 $a19990604d1959----km-y0itay50------ba 101 0 $aeng 102 $aIT 105 $ayf--b---001yy 200 1 $aHenry Savage-Landor (1865-1924)$fintroduzione di Derek Hill 210 $aFirenze$cArnaud$d1959 215 $a23 p., [19] c. di tav.$d32 cm 300 $aCatalogo della Mostra 610 0 $aLandor,Arnold Henry Savage$aEsposizioni$aRoma$a1959 676 $a759.5074 702 1$aLandor,$bArnold Henry Savage$f<1865-1924> 702 1$aHill,$bDerek 801 0$aIT$bUNINA$gRICA$2UNIMARC 901 $aBK 912 $a990005708030403321 952 $a759.507 LAN 1$bST.ARTE 4781$fFLFBC 959 $aFLFBC 996 $aHenry Savage-Landor (1865-1924$9573788 997 $aUNINA LEADER 01721nam2 22003733i 450 001 IEI0086897 005 20251003044158.0 100 $a19941109d1994 ||||0itac50 ba 101 | $aita 102 $ait 181 1$6z01$ai $bxxxe 182 1$6z01$an 200 1 $aˆ61: ‰Caserta$fSistema statistico nazionale, Istituto nazionale di statistica 210 $aRoma$cIstat$d1994 215 $a295 p., [9] c.$d28 cm$e1 c. geogr. 461 1$1001IEI0077519$12001 $aPopolazione e abitazioni$efascicolo provinciale$e*13. censimento generale della popolazione e delle abitazioni$e20 ottobre 1991$fSistema statistico nazionale, Istituto Nazionale di Statistica$v61 606 $aItalia$xPopolazione$x1991$xIndagine statistica$2FIR$3CFIC084597$9I 676 $a304.60945$9POPOLAZIONE. Italia$v23 696 $aPopolazione umana 699 $aPopolazione$yPopolazione umana 710 02$aIstat$3CFIV037615$4070$0374421 791 02$aIstituto nazionale di statistica$3CFIV256089$zIstat 791 02$aIstituto centrale di statistica del Regno d'Italia$3ISTV000599$zIstat 791 02$aIstituto centrale di statistica$3LO1V135217$zIstat 791 02$aIstituto nazionale di statistica$3CFIV256089$zIstat 791 02$aIstituto centrale di statistica del Regno d'Italia$3ISTV000599$zIstat 791 02$aIstituto centrale di statistica$3LO1V135217$zIstat 801 3$aIT$bIT-000000$c19941109 850 $aIT-BN0095 $aIT-NA0079 912 $aIEI0086897 950 2$aBiblioteca Centralizzata di Ateneo$c1 v.$d 01M/S (AR) 17 359$e 01AR 0700173595 VMA A4 1 v.$fY $h20240201$i20240201 977 $a 01$a BN 996 $aCaserta$9303712 997 $aUNISANNIO